Železné hory turistická mapa.
Uložené v:
| Médium: | Kniha |
|---|---|
| Jazyk: | Czech |
| Vydané: |
Praha :
Klub českých turistů,
1992.
|
| Vydanie: | [1. vyd.] |
| Edícia: | Edice Klubu českých turistů
|
| Témy: | |
| ISBN: |
808549907X |
| Fyzický popis: |
1 mapa. |
| Tagy: |
Pridať tag
Žiadne tagy, Buďte prvý kto otaguje tento záznam!
|
Titul je dostupný aj v ... 

MARC
| LEADER | 00000nam a2200000 a 4500 | ||
|---|---|---|---|
| 001 | 000002425 | ||
| 005 | 20260401122612.0 | ||
| 008 | 040520s1992 xr e czeo | ||
| FMT | |||
| 020 | |a 808549907X | ||
| 040 | |a SVKKK |b slo |c SVKKK |e AACR2 | ||
| 041 | 0 | |a cze | |
| 044 | |a xr |c CZ | ||
| 245 | 0 | 0 | |a Železné hory |h [kartografický dokument] : |b turistická mapa. |
| 250 | |a [1. vyd.] | ||
| 255 | |a Mierka 1:50 000 | ||
| 260 | |a Praha : |b Klub českých turistů, |c 1992. | ||
| 300 | |a 1 mapa. | ||
| 490 | 1 | |a Edice Klubu českých turistů |v 45 | |
| 655 | 7 | |a mapy |2 SVKKKPH | |
| 830 | 0 | |a Edice Klubu českých turistů | |
| 919 | |a 80-85499-07-X | ||
| 998 | |a BK | ||
| Z30 | 1 | |l SCK01 |l SCK01 |m BOOK |1 SCKHL |2 SK10 |b Sklad Pribinova 2. posch. |3 II.349246 |6 849066 |q 19920520 |5 2721184415 |8 20040520 |g EMPTYKNIHA |f 70 |s Absenčne |h SCKRT |t 00000000 |u 0000 |w 000002425 |x 000010 |r 000 | |
| Z30 | 1 | |l SCK01 |l SCK01 |m BOOK |1 SCKHL |2 SK10 |b Sklad Pribinova 2. posch. |3 II.349247 |6 849067 |q 19920520 |5 2721184414 |8 20040520 |g EMPTYKNIHA |f 70 |s Absenčne |h SCKRT |t 00000000 |u 0000 |w 000002425 |x 000020 |r 000 | |
| Z30 | 1 | |l SCK01 |l SCK01 |m BOOK |1 SCKHL |2 SK10 |b Sklad Pribinova 2. posch. |3 II.349248 |6 849068 |q 19920520 |5 2721184413 |8 20040520 |g EMPTYKNIHA |f 20 |s Povinný výt. |h SCKRT |t 00000000 |u 0000 |w 000002425 |x 000030 |r D |r 000 | |
| a02 | 0 | |a 808549907X | |
| 090 | |g SCKHL |k Sklad Pribinova 2. posch. |a II.349246 |j 849066 |i 2721184415 |s Absenčne |r 000 | ||
| 090 | |g SCKHL |k Sklad Pribinova 2. posch. |a II.349247 |j 849067 |i 2721184414 |s Absenčne |r 000 | ||
| 090 | |g SCKHL |k Sklad Pribinova 2. posch. |a II.349248 |j 849068 |i 2721184413 |s Povinný výt. |r 000 | ||